Die teuersten Fußballtransfers - Torwarte - Saison 2016-2017 - Statistiken

Allgemein
  • Dieses Quiz wurde 30 mal gespielt
  • Das Durchschnittsergebnis liegt bei 5 aus 10
Antwortstatistiken
Ablöse (M €) Nationalität Abgebender Verein Aufnehmender Verein Spieler % Korrekt
13,00 Niderlande Ajax Amsterdam FC Barcelona Jasper Cillessen
96%
6,20 Deutschland 1.FSV Mainz 05 FC Liverpool Loris Karius
96%
8,00 Brasilien Internacional AS Rom Alisson
92%
18,00 Chile FC Barcelona Manchester City Claudio Bravo
92%
7,00 Argentinien Manchester City Real Sociedad Gerónimo Rulli
29%
4,70 Argentinien CD Maldonado Manchester City Gerónimo Rulli
29%
6,60 Belgien KAA Gent Newcastle United Matz Sels
21%
4,70 England Crystal Palace Southamtpon Alex McCarthy
17%
5,00 Italien Hellas Verona Aston Villa Pierluigi Gollini
0%
5,45 China SJZ Ever Bright SZ FC Zhen Guan
0%
Keine übereinstimmenden Quizze gefunden
Verteilung der Resultate
Anzahl Personen mit jedem Resultat
Perzentil nach korrekt beantworteten Fragen
Ihre Resultats-Entwicklung
Sie haben dieses Quiz noch nicht gespielt